000 00562nam a22001937a 4500
003 UA-OsUOA
001 19563
007 ta
008 20040903b un ||||| |||| 00| 0 ukr d
100 _aГорчак О. О.
700 _aШостак С.
942 _cSA
040 _aUA-OsUOA
_cUA-OsUOA
_dUA-OsUOA
245 _aШколі №5[м. Рівне] - вже 65
_cО., Шостак С. Горчак О.
300 _aС.3
955 _a0
773 0 _w0
_tСім днів
_dРівне
_d2004
_g№3527 серп./
650 7 _aКраєзнавча робота
_2UDC
999 _c305734
_d305734